000 00413nam a2200181Ia 4500
001 14563
005 20260306164923.0
008 260306t1998||||xx |||||||||||||| ||spa||
041 _aESP
082 _a515.2433
_bH81
100 _aHsu, Hwei P.
_eAUT
245 0 _aAnálisis de fourier
260 _c1998
300 _a274 páginas :
_c27 cm.
650 _aGEN
654 _aCMA
942 _cLIB
_dJUS
_fJUS
_2ddc
_n
999 _c14563
_d14563